Guess the Harry Styles song with no hints #10 - Statistics

General Stats
  • This quiz has been taken 73 times
  • The average score is 203 of 242
Answer Stats
Answer % Correct
I
100%
you
98%
You
98%
no
93%
the
93%
And
90%
and
90%
I'm
90%
in
90%
what
90%
What
90%
you're
90%
can
88%
here
88%
if
88%
it
88%
not
88%
we
88%
again,
85%
again
85%
fallin'
85%
falling
85%
me
85%
my
85%
to
85%
want
85%
am
83%
bed
83%
don't
83%
now?
83%
someone
83%
down?
80%
out?
80%
out
80%
about?
78%
about
78%
around?
78%
It's
78%
talk
78%
that
78%
there's
78%
at
76%
can't
76%
one
76%
won't
76%
but
73%
hands
73%
never
73%
said
73%
too
73%
you'll
73%
Cafe
71%
drink
71%
many
71%
need
71%
wandering
71%
coffee's
68%
just
68%
of
68%
say
68%
songs
68%
well
68%
aware
66%
Beachwood
66%
blame
66%
know
66%
meant
66%
missed
66%
(Oh)
66%
write
66%
cared,
63%
cause
63%
kills
63%
feeling
61%
get
61%
things
61%
Forget
59%
run
56%
left
54%
take
54%
back,
51%
we've
51%
baggage
49%
unpack
49%
No matching quizzes found
Score Distribution
Percent of People with Each Score
Percentile by Number Answered
Your Score History
You have not taken this quiz